<?xml version="1.0" encoding="UTF-8"?>
<collection xmlns="http://www.loc.gov/MARC21/slim">
 <record>
  <leader>00779pamaa2200169   4500</leader>
  <controlfield tag="001">0000035332</controlfield>
  <controlfield tag="005">20081030090000.0</controlfield>
  <datafield tag="020" ind1="0" ind2="0">
   <subfield code="a">080538913X </subfield>
  </datafield>
  <datafield tag="082" ind1=" " ind2=" ">
   <subfield code="a">540 TIM 2004</subfield>
  </datafield>
  <datafield tag="090" ind1="0" ind2="0">
   <subfield code="a">QD33 </subfield>
   <subfield code="b">TIM 2004</subfield>
  </datafield>
  <datafield tag="100" ind1="1" ind2="0">
   <subfield code="a">Timberlake </subfield>
  </datafield>
  <datafield tag="245" ind1="1" ind2="0">
   <subfield code="a">General, organic and biological chemistry : </subfield>
   <subfield code="b">structures of life  </subfield>
   <subfield code="c">Karen C. Timberlake.</subfield>
  </datafield>
  <datafield tag="250" ind1="0" ind2="0">
   <subfield code="a">Platinum edition.</subfield>
  </datafield>
  <datafield tag="260" ind1="0" ind2="0">
   <subfield code="a">San Francisco: </subfield>
   <subfield code="b">Pearson/Benjamin Cummings, </subfield>
   <subfield code="c">2004.</subfield>
  </datafield>
  <datafield tag="300" ind1=" " ind2=" ">
   <subfield code="a">xvii, 851p.: </subfield>
   <subfield code="b">col.ill.; </subfield>
   <subfield code="c">28cm.</subfield>
  </datafield>
  <datafield tag="500" ind1="0" ind2="0">
   <subfield code="a">Includes 1 CD-ROM and 2 booklet titled &quot; General, Organic and Biological Chemistry structures of life&quot; &quot;Understanding the Human Genome Project &quot; by Michael A. Palladino and &quot; Instructor Integration Guide General, Organic and Biological Chemistry structure of Life&quot; by Karen Timberlake</subfield>
  </datafield>
  <datafield tag="650" ind1="0" ind2="0">
   <subfield code="a">Chemistry </subfield>
  </datafield>
 </record>
</collection>
